Welcome to CU Library Online Public Access Catalogue (OPAC)

Ten steps to improving college reading skills / (Record no. 5137)

MARC details
000 -LEADER
fixed length control field 00902nam a2200277 a 4500
001 - CONTROL NUMBER
control field 1678509
005 - DATE AND TIME OF LATEST TRANSACTION
control field 20250324121017.0
008 - FIXED-LENGTH DATA ELEMENTS--GENERAL INFORMATION
fixed length control field 970904s1997 njua 001 0 eng
020 ## - INTERNATIONAL STANDARD BOOK NUMBER
International Standard Book Number 0944210732
020 ## - INTERNATIONAL STANDARD BOOK NUMBER
International Standard Book Number 9780944210734
050 00 - LIBRARY OF CONGRESS CALL NUMBER
Classification number LB2395.3
Item number .L36 1997
082 00 - DEWEY DECIMAL CLASSIFICATION NUMBER
Classification number 428.4/071/1
Edition information 21
100 1# - MAIN ENTRY--PERSONAL NAME
Personal name Langan, John,
Dates associated with a name 1942-
245 10 - TITLE STATEMENT
Title Ten steps to improving college reading skills /
Statement of responsibility, etc. John Langan.
250 ## - EDITION STATEMENT
Edition statement 3rd ed.
260 ## - PUBLICATION, DISTRIBUTION, ETC.
Place of publication, distribution, etc. Marlton, NJ :
Name of publisher, distributor, etc. Townsend Press,
Date of publication, distribution, etc. c1997.
300 ## - PHYSICAL DESCRIPTION
Extent xii, 548 p. :
Other physical details ill. ;
Dimensions 24 cm.
440 #0 - SERIES STATEMENT/ADDED ENTRY--TITLE
Title Townsend Press reading series
500 ## - GENERAL NOTE
General note Rev. ed. of: Ten steps to improving reading skills. c1988.
500 ## - GENERAL NOTE
General note Includes index.
650 #0 - SUBJECT ADDED ENTRY--TOPICAL TERM
Topical term or geographic name entry element Reading (Higher education)
650 #0 - SUBJECT ADDED ENTRY--TOPICAL TERM
Topical term or geographic name entry element Reading comprehension.
650 #0 - SUBJECT ADDED ENTRY--TOPICAL TERM
Topical term or geographic name entry element College readers.
700 1# - ADDED ENTRY--PERSONAL NAME
Personal name Langan, John,
Dates associated with a name 1942-
Title of a work Ten steps to improving reading skills.
942 ## - ADDED ENTRY ELEMENTS (KOHA)
Source of classification or shelving scheme Library of Congress Classification
Koha item type Books
Edition 3rd Ed.
Suppress in OPAC No
999 ## -
-- 5137
-- 5137
Holdings
Withdrawn status Lost status Source of classification or shelving scheme Damaged status Not for loan Collection Home library Current library Shelving location Date acquired Total checkouts Full call number Barcode Date last seen Copy number Price effective from Koha item type
    Library of Congress Classification     Non-fiction Business Library (Miotso) Business Library (Miotso) General stacks 03/24/2025   LB2395.3 .L36 1997 BSSM00001558 03/24/2025 1 03/24/2025 Books
© 2023-2024 Copyright: Central University Libraries. All Rights Reserved | Created by: Mahone Tech Office